Cities by People #2 - Statistics

General Stats
  • This quiz has been taken 98 times
  • The average score is 11 of 18
Answer Stats
Person City % Correct
Socrates Athens
99%
Peter the Apostle Rome
91%
Cleopatra Alexandria
88%
Constantine the Great Istanbul
88%
Alfred Nobel Stockholm
86%
Nicolae Ceaușescu Bucharest
85%
Mustafa Kemal Atatürk Ankara
84%
Josip Broz Tito Belgrade
76%
Pol Pot Phnom Penh
75%
Paavo Nurmi Paris
73%
Nicolás Maduro Caracas
68%
Mordechaj Anielewicz Warsaw
52%
Fulgencio Batista Havana
48%
Pope Clement VI Avignon
40%
Minos Knossos
15%
Johann Wolfgang von Goethe Weimar
14%
Toussaint Louverture Santo Domingo
9%
Vercingetorix Alesia
7%
No matching quizzes found
Score Distribution
Percent of People with Each Score
Percentile by Number Answered
Your Score History
You have not taken this quiz